CSW Industrial supplement (Record no. 3894)

MARC details
000 -LEADER
fixed length control field 00966cab a2200193 4500
001 - CONTROL NUMBER
control field ABS37734
008 - FIXED-LENGTH DATA ELEMENTS--GENERAL INFORMATION
fixed length control field 090401t1987 xxu||||| |||| 00| 0 eng d
035 ## - SYSTEM CONTROL NUMBER
System control number (Sirsi) u6493
041 ## - LANGUAGE CODE
Language code of text/sound track or separate title eng
245 ## - TITLE STATEMENT
Title CSW Industrial supplement
260 ## - PUBLICATION, DISTRIBUTION, ETC.
Date of publication, distribution, etc. 1987
350 ## - PRICE (NR) (BK AM CF MU VM SE) [OBSOLETE]
Price 0
490 ## - SERIES STATEMENT
Series statement Chartered Surveyor Weekly
Volume/sequential designation 29 May 1987 1-48 (17)
520 ## - SUMMARY, ETC.
Summary, etc. Industrial buildings are becoming more important with the demand for industrial space growing. This supplement takes a look at the reasons for the growth, describes some of the developments in progress, modern management of industrial estates , demand at airport sites, repercussions of changes in the nature of retail distribution and prospects for future development. Also includes features on the arrival of Nissan in Sunderland and reports on the results of a survey on the industrial market. (Loan)
650 ## - SUBJECT ADDED ENTRY--TOPICAL TERM
Topical term or geographic name entry element INDUSTRIAL PARKS
690 ## - LOCAL SUBJECT ADDED ENTRY--TOPICAL TERM (OCLC, RLIN)
Topical term or geographic name as entry element PROPERTY-COMMERCIAL PROPERTY
942 ## - ADDED ENTRY ELEMENTS (KOHA)
Suppress in OPAC 0
948 ## - LOCAL PROCESSING INFORMATION (OCLC); SERIES PART DESIGNATOR (RLIN)
c (OCLC) 04/03/1997
Holdings
Withdrawn status Lost status Source of classification or shelving scheme Damaged status Not for loan Home library Current library Shelving location Date acquired Total Checkouts Full call number Barcode Date last seen Copy number Price effective from Koha item type
    Dewey Decimal Classification     London London Journal article 14/09/1999   ABS37734 6493-1001 06/08/2019 1 06/08/2019 Journal article